000 00471nam a2200181Ia 4500
008 240729s9999 xx 000 0 und d
022 _a2666-9102
245 0 _aJDS Communications
260 _aUnited States
260 _bElsevier
650 _a Animal culture
650 _a Cattle
650 _a Dairy processing. Dairy products
650 _aAgriculture
856 _uhttps://doaj.org/toc/727182ca5fd64801b9fc2e6b197c7c5f
942 _2ddc
942 _cDOAJEJ
999 _c69485
_d69485
945 _a1
_bMadushi Gamage
_c1
_dMadushi Gamage